[Event "HUN-ch U10"]
[Site "Tapolca"]
[Date "2020.08.18"]
[Round "5"]
[White "Kovacs, Kristof"]
[Black "Kerekes, Laszlo Fulop"]
[Result "1-0"]
[WhiteElo "1558"]
[BlackElo "1471"]
[PlyCount "113"]
[EventDate "2020.08.15"]
[EventType "swiss"]
[EventRounds "7"]
[EventCountry "HUN"]
[SourceTitle "EXT 2023"]
[Source "ChessBase"]
[SourceDate "2022.10.05"]
[SourceVersion "1"]
[SourceVersionDate "2022.10.05"]
[SourceQuality "1"]
[WhiteTeam "Hungary"]
[BlackTeam "Hungary"]
[WhiteTeamCountry "HUN"]
[BlackTeamCountry "HUN"]

1. d4 Nf6 2. Nf3 g6 3. g3 Bg7 4. Bg2 d5 5. 0-0 0-0 6. b3 Nc6 7. Bb2 Bf5 8. Nh4 Qd7 9. Nxf5 Qxf5 10. Nd2 Rad8 11. a3 a5 12. e3 e5 13. Nf3 e4 14. Nd2 Rfe8 15. c4 Qg5 16. h3 h5 17. cxd5 Rxd5 18. h4 Qh6 19. Qc2 Rd7 20. Nxe4 Rde7 21. Ng5 Ng4 22. Qc4 Kf8 23. Bd5 Nd8 24. a4 c6 25. Bg2 Ne6 26. Ba3 c5 27. Nxe6+ Rxe6 28. Bxc5+ Kg8 29. Rad1 Rd8 30. d5 Ra6 31. d6 Ne5 32. Qf4 Nd7 33. Qxh6 Bxh6 34. Ba3 b6 35. f4 Nc5 36. Bd5 Bf8 37. e4 Bxd6 38. e5 Bf8 39. Bxf7+ Kxf7 40. Rxd8 Ne6 41. Rxf8+ Nxf8 42. Rd1 Ra7 43. Rd6 Rb7 44. Rf6+ Kg7 45. Bxf8+ Kh7 46. Bd6 Kg7 47. Re6 Kf7 48. Re7+ Rxe7 49. Bxe7 Kxe7 50. Kf2 Ke6 51. Ke3 Kd7 52. Kd4 Kc7 53. Kd5 Kd7 54. e6+ Ke7 55. Ke5 Ke8 56. Kf6 Kf8 57. Kxg6 1-0

[Event "HUN-ch U10"]
[Site "Tapolca"]
[Date "2020.08.16"]
[Round "2"]
[White "Berla, Zoltan Mate"]
[Black "Kerekes, Laszlo Fulop"]
[Result "0-1"]
[WhiteElo "1209"]
[BlackElo "1471"]
[PlyCount "66"]
[EventDate "2020.08.15"]
[EventType "swiss"]
[EventRounds "7"]
[EventCountry "HUN"]
[SourceTitle "EXT 2023"]
[Source "ChessBase"]
[SourceDate "2022.10.05"]
[SourceVersion "1"]
[SourceVersionDate "2022.10.05"]
[SourceQuality "1"]
[WhiteTeam "Hungary"]
[BlackTeam "Hungary"]
[WhiteTeamCountry "HUN"]
[BlackTeamCountry "HUN"]

1. e4 e5 2. Nf3 Nc6 3. Bc4 Nf6 4. Ng5 Bc5 5. Bxf7+ Ke7 6. Bd5 Nxd5 7. exd5 Nd4 8. 0-0 d6 9. c3 Nf5 10. d4 exd4 11. Ne6 Qg8 12. cxd4 Bxe6 13. dxe6 Nxd4 14. Be3 Nxe6 15. Bxc5 Nxc5 16. Re1+ Kd8 17. Qf3 Qf8 18. Qd5 Qf6 19. Nc3 Rf8 20. Re2 Kd7 21. Nb5 c6 22. Qc4 cxb5 23. Qxb5+ Kc7 24. Rc1 Rac8 25. b4 Kb8 26. bxc5 Rxc5 27. Re8+ Rxe8 28. Qxe8+ Kc7 29. Rxc5+ dxc5 30. Qe1 Kd6 31. h3 b5 32. Qe2 Qa1+ 33. Kh2 Qe5+ 0-1